Institusi keluarga menghadapi cabaran alaf baru

Bibliographic Details
Main Author: Abd. Rahim Abd. Rashid
Other Authors: Jamaluddin Tubah, Sufean Hussin
Format: Book
Published: Kuala Lumpur : Utusan Publications & Distributors , 2006
Series:Siri pembangunan keluarga utusan
Subjects:

MARC

LEADER 00000cam a2200000 7i4500
001 0000003353
005 20070430.0
020 |a 9676118052 
040 |a INS 
090 0 0 |a HQ743   |b A33 2006 
100 1 |a Abd. Rahim Abd. Rashid 
245 1 0 |a Institusi keluarga menghadapi cabaran alaf baru   |c Abd. Rahim Abd. Rashid, Sufean Hussin, Jamaluddin Tubah 
260 |a Kuala Lumpur :   |b Utusan Publications & Distributors ,   |c 2006 
300 |a xii, 694 p. ;   |c 274 cm. 
440 0 |a Siri pembangunan keluarga utusan 
500 |a Mengandungi indeks 
650 0 0 |a Communication in the family 
650 0 0 |a Family 
650 0 0 |a Parent and teenager 
700 0 |a Jamaluddin Tubah 
700 0 |a Sufean Hussin 
999 |a 0000018520   |b BOOK   |c Open Shelf   |e Default branch